000
00332nam a2200121Ia 4500
005
20250423100926.0
008
250422s9999 xx 000 0 und d
020
_a
978-0-19-475618-1
245
0
_a
Skills for Success 4: Listening and Speaking. Teacher's Handbook
260
_b
Oxford University Press
260
_c
2011
942
_c
BK
999
_c
34763
_d
34763